[Event "Milan SSM op"]
[Site "Milan"]
[Date "2014.02.06"]
[Round "8"]
[White "Taccani Stella, Alberto"]
[Black "Chiapperini, Christian"]
[Result "1/2-1/2"]
[WhiteElo "1380"]
[BlackElo "1516"]
[PlyCount "114"]
[EventDate "2014.01.14"]
[EventType "swiss"]
[EventRounds "8"]
[EventCountry "ITA"]
[SourceTitle "EXT 2015"]
[Source "ChessBase"]
[SourceDate "2014.11.20"]
[SourceVersion "1"]
[SourceVersionDate "2014.11.20"]
[SourceQuality "1"]

1. d4 d5 2. Nf3 Bf5 3. e3 Nf6 4. Bd3 Bxd3 5. cxd3 e6 6. Ne5 c5 7. Nd2 cxd4 8. exd4 Bd6 9. Ndf3 Nbd7 10. Bg5 Be7 11. Rc1 0-0 12. 0-0 Rc8 13. Rxc8 Qxc8 14. Qc1 Bd6 15. Qxc8 Rxc8 16. Rc1 Rxc1+ 17. Bxc1 h6 18. Nxd7 Nxd7 19. b3 Nf6 20. h3 Nh5 21. g4 Nf4 22. Bxf4 Bxf4 23. Ne1 Kf8 24. Ng2 Bd2 25. Ne3 Ke7 26. Kf1 Kd6 27. Ke2 Bb4 28. Nc2 Ba5 29. a4 Ke7 30. b4 Bc7 31. b5 Kf6 32. h4 g6 33. Ke3 h5 34. f3 Bg3 35. a5 Bxh4 36. a6 bxa6 37. bxa6 Bg3 38. Nb4 Bc7 39. Nc6 Bb6 40. Nb8 Ke7 41. Nc6+ Kd6 42. Ne5 Ke7 43. Nc6+ Ke8 44. Kf4 h4 45. g5 Kd7 46. Ne5+ Ke8 47. Kg4 Bxd4 48. Nc6 Bc3 49. Nxa7 Kd7 50. Nb5 Kc6 51. Nxc3 Kb6 52. Kxh4 Kxa6 53. d4 Ka5 54. f4 Kb4 55. Ne2 Kc4 56. Kg3 Kd3 57. Kf3 Kd2 1/2-1/2

[Event "Milan Befana op-B"]
[Site "Milan"]
[Date "2014.01.02"]
[Round "1"]
[White "Rinaldo, Andrea"]
[Black "Taccani Stella, Alberto"]
[Result "1-0"]
[WhiteElo "1748"]
[BlackElo "1380"]
[PlyCount "23"]
[EventDate "2014.01.02"]
[EventType "swiss"]
[EventRounds "7"]
[EventCountry "ITA"]
[SourceTitle "EXT 2015"]
[Source "ChessBase"]
[SourceDate "2014.11.20"]
[SourceVersion "1"]
[SourceVersionDate "2014.11.20"]
[SourceQuality "1"]

1. e4 e6 2. Nf3 d5 3. Nc3 g6 4. d4 Bg7 5. Be2 Ne7 6. Bg5 Nd7 7. exd5 h6 8. Bh4 g5 9. Bg3 exd5 10. Nb5 0-0 11. Bxc7 Nf5 12. Bxd8 1-0